LEADER 01012nam a2200217 i 4500 001 000000194827 003 CaOOAMICUS 005 20101125000000.0 008 101125s1987 it u000 u ita u 013 $a173488 040 $aSeMil$bita 100 1 $aLe Joly, Edward <1909->.$0(OLS)http://semarc/name/31183 245 10$aMadre Teresa e le Missionarie della Caritą :$bLo facciamo per Gesł /$cEdward Le Joly. 260 $aCinisello Balsamo :$bSan Paolo,$ccopyr. 1987 (stampa 2003) 300 $a208 p. ;$c21 cm. 500 $aContiene : Appendice ; Scheda biografica. - Ai pie' del front : Famiglia Cristiana. 600 04$aTeresa : di Calcutta .$0(OLS)http://semarc/subject/6939 850 $aSeMil 852 $aSeMil$W1$xVenegono$y1$m3H IV 433$j145396$B145396$CSeMilBibl$Z2$F161422 $81 996 $6245$aMadre Teresa e le Missionarie della Caritą :$bLo facciamo per Gesł$9(OLS)http://semarc/title/280993 996 $6260$aCinisello Balsamo :$bSan Paolo$9(OLS)http://semarc/publisher/30129 LEADER 01357nam a2200277 i 4500 001 000000175056 003 CaOOAMICUS 005 20081111000000.0 008 081111s2007 it u000 u ita u 013 $a152533 020 $a978-88-399-0109-5 040 $aSeMil$bita 100 1 $aBrown, Raymond Edward,$c.$0(OLS)http://semarc/name/3567 240 13$aAn introduction to the Gospel of John.$0(OLS)http://semarc/title/251043 245 10$aIntroduzione al vangelo di Giovanni /$cRaymond E. Brown ; edito, aggiornato, introdotto e concluso da Francis J. Moloney ; [trad. di Gianmaria Zamagni]. 260 $aBrescia :$bQueriniana,$c2007. 300 $a389 p. ;$c24 cm. 650 4$aBibbia. Nuovo Testamento. Vangelo secondo Giovanni - Commentari, studi, critica, interpretazioni.$0(OLS)http://semarc/subject/119 700 1 $aZamagni, Gianmaria <1974- >.$0(OLS)http://semarc/name/60176 700 1 $aMoloney, Francis James.$0(OLS)http://semarc/name/59101 850 $aSeMil 852 $aSeMil$W1$xVenegono$y1$m2WA E 9$j251320$B125881$CSeMilBibl$Z2$F137254 $81 961 $aAcquisto: DEA 996 $6020$a978-88-399-0109-5$9(OLS)http://semarc/number/163188 996 $6245$aIntroduzione al vangelo di Giovanni$9(OLS)http://semarc/title/251042 996 $6260$aBrescia :$bQueriniana$9(OLS)http://semarc/publisher/29615